000 00593nam a2200169 i 4500
001 75429
003 ES-MaACL
005 20230906172440.0
007 t|
008 040924s1962 sp ||||1| spa d
100 1 _aGoyoaga, Restituto.
_959415
245 1 0 _a¡Hijos! ¿Para qué?
_b: puntos de vista de la ciencia y de la moral católica en relación con los problemas genésicos /
_cRestituto Goyoaga ; prólogo de M. Usandizaga.
260 _aBilbao :
_b[Eléxpuru],
_c1962.
300 _a292 p. ;
_c15 cm.
700 1 _aUsandizaga, Manuel.
_9112292
852 _aES-MaACL
_jC-21766
_bR.50267
999 _c75429
_d75429